Richardson's Clarissa and the eighteenth-century reader

Αποθηκεύτηκε σε:
Λεπτομέρειες βιβλιογραφικής εγγραφής
Κύριος συγγραφέας: Keymer, Tom
Μορφή: Βιβλίο
Γλώσσα:English
Δημοσίευση: Cambridge ; New York : Cambridge University Press, 1992
Σειρά:Cambridge studies in eighteenth-century English literature and thought ; ; 13
Θέματα:
Ετικέτες: Προσθήκη ετικέτας
Δεν υπάρχουν, Καταχωρήστε ετικέτα πρώτοι!

MARC

LEADER 00000nam a2200000 i 4500
001 1/87436
008 981111s1992 eng d
020 |a 0-521-39023-0 
035 |l 10035240 
035 |a 1993  |b 1  |c Πολεμικού 
040 |a GR-MY-UA  |b gre  |e aacr 
041 0 |a eng 
082 0 |a 823.6  |2 (20) 
100 1 |a Keymer, Tom. 
245 1 0 |a Richardson's Clarissa and the eighteenth-century reader /  |c Tom Keymer 
260 |a Cambridge ; New York :   |b Cambridge University Press,   |c 1992 
300 |a xxiii, 270 p.;  |b ill.;  |c 24 cm 
490 1 |a Cambridge studies in eighteenth-century English literature and thought  |v ; 13 
504 |a Περιέχει βιβλιογραφικές παραπομπές: σ. 250-264 
504 |a Περιέχει ευρετήριο 
600 1 0 |a Richardson Samuel  |d 1689-1761. 
650 0 0 |a Authors and readers  |z Great Britain  |x History  |y 18th century. 
650 0 0 |a Reader-response criticism. 
830 0 |a Cambridge studies in eighteenth-century English literature and thought ;  |v ; 13 
852 |a INST  |b RHODES  |e 19981111  |h 823.6 KEY  |p 005400009561  |q 005400009561  |t BK  |y 0 
909 |a Ρ  |b 027002  |c 1993